Karagabi : (Registro nro. 19889)

Detalles MARC
000 -CABECERA
Campo de control 00649nam a22001935a 4500
005 - FECHA Y HORA DE LA ULTIMA TRANSACCION
Campo de control 20191224042337.0
008 - ELEMENTOS DE LONGITUD FIJA—INFORMACION GENERAL
Campo de control 170814s g 000 0dspa d
020 ## - ISBN
ISBN 9789588568591
040 ## - FUENTE DE CATALOGACIÓN
Agencia catalogadora original CO-BoIAVH
Agencia transcriptora CO-BoIAVH
041 ## - IDIOMA
Código de idioma para texto/pista de sonido o título separado Español
090 ## - CLASIFICACIÓN LOCAL
Colección I-LS
Consecutivo 01
245 10 - MENCION DE TITULO
Título Karagabi :
Parte restante del título un mito sobre el origen del agua narrado por los embera katíos del Alto Sinú /
Mención de responsabilidad Simón Domicó, Kimi Pernía Domicó.
260 ## - PUBLICACION, DISTRIBUCION, ETC. (PIE DE IMPRENTA)
Nombre del editor, distribuidor, etc. La silueta.
Lugar de publicación, distribución, etc. Bogotá:
Fecha de publicación, distribución, etc. 2016.
300 ## - DESCRIPCION FISICA
Extensión 39 páginas
Otros detalles físicos ilustraciones
Dimensiones 20 x 13cm
Material acompañante un afiche
650 14 - ASIENTO SECUNDARIO DE MATERIA - TERMINO TEMATICO
Término temático o nombre geográfico como elemento de entrada Literatura juvenil
9 (RLIN) 85300
650 14 - ASIENTO SECUNDARIO DE MATERIA - TERMINO TEMATICO
Término temático o nombre geográfico como elemento de entrada Mitos
9 (RLIN) 85301
650 14 - ASIENTO SECUNDARIO DE MATERIA - TERMINO TEMATICO
Término temático o nombre geográfico como elemento de entrada Recurso hidríco
9 (RLIN) 3128
942 ## - ELEMENTOS ADICIONALES (KOHA)
Sistema de clasificación Local
Tipo de ítem Libro
Koha issues (borrowed), all copies 1
Existencias
Withdrawn status Lost status Sistema de Clasificación Damaged status No para préstamo Colección Inventariado Ubicación Permanente Ubicación actual Fecha de adquisición Fuente de Valor Valor Total Checkouts Total Renewals Número topográfico Inventario / Código de Barras Date last seen Date checked out Ejemplar Price effective from Forma de adquisición Tipo de material
    Local     Infantil Inventariado 2017 Bogotá Bogotá 26/09/2017 Lerner 32000.00 1 1 I-LS-01 042876 31/10/2017 30/09/2017 Ej. 1 26/09/2017 Compra Libro